Statistics for Newest Countries Quiz

Click here to take the quiz!

General Stats

  • This quiz has been taken 670 times
  • The average score is 7 of 10

Answer Stats

Answer% Correct
South Sudan
98%
Montenegro
75%
East Timor
73%
North Macedonia
73%
Serbia
73%
Croatia
65%
Slovakia
60%
Czechia
59%
Eritrea
47%
Palau
36%

Score Distribution

Percentile by Number Answered

Percent of People with Each Score

Your Score History

You have not taken this quiz